DOLORE TORACICO - Statistics

Statistiche generali
  • Questo quiz è stato fatto 7 volte
  • Il punteggio medio è 3 su 49
Statistiche sulle risposte
Risposta % Corretto
Rottura esofago
100%
Embolia polmonare
50%
Dolore di tipo Pleuritico
33%
Pneumotorace
33%
Dissezione aortica
17%
dolore anginoso irradiato
17%
Sindrome coronarica acuta
17%
100mg in 3h
0%
10mg in bolo
0%
40mg in 2h
0%
50mg in 1h
0%
abuso sostanze (cocaina)
0%
Accesso venoso
0%
biliari
0%
cardiomiopatie
0%
Clinica
0%
coronaropatia macroscopica
0%
coronaropatia microscopica
0%
diabete
0%
dislipidemie
0%
ECG alterazioni ST
0%
ECG iniziale
0%
familiarità
0%
fumo
0%
gastroesofagee
0%
inizio trattamento con aspirina
0%
ipertensione
0%
ischemiche
0%
miocardite
0%
Monitoraggio elettrocardiografico
0%
muscolo-scheletriche
0%
non ischemiche
0%
obesità
0%
origine cardiaca
0%
origine non cardiaca
0%
Palpazione
0%
patologie valvolari
0%
pericardite
0%
Posizione
0%
prelievo troponina
0%
Primary percutaneous interventation (PCI)
0%
psichiatriche
0%
Regola 3P
0%
SCA (pilastri)
0%
segni di accompagnamento (sudorazione)
0%
sintomi accessori (dispnea)
0%
Tamponamento cardiaco
0%
terapia farmacologica trombolitica (Alteplase)
0%
troponina
0%
Nessun quiz corrispondente trovato
Distribuzione punteggi
Percentuale di utenti per punteggio
Percentile per numero di risposta
I tuoi punteggi nel tempo
Non hai fatto questo quiz